000 00401nam a2200181Ia 4500
005 20240823054849.0
008 240823s9999||||xx |||||||||||||| ||und||
041 _aTAMIL
082 _A894.8123 N4
100 _aNellai Ka Subramanyan
245 0 _aAmara Paranan
250 _a1st
260 _c1994
_bPadma Book
500 _aYES
650 _aTamil
_bGeneral
942 _cBK
999 _c227461
_d227461